| 000 | 01129cam a22002294a 4500 | ||
|---|---|---|---|
| 020 | _a9780415607704 (pbk.) | ||
| 082 | 0 | 0 |
_a579 _bBAK/MI |
| 100 | 1 | _aBaker, Simon, | |
| 245 | 1 | 0 | _aMicrobiology / |
| 250 | _a4th ed. | ||
| 260 |
_aNew York : _bGarland Science, _cc2011. |
||
| 300 |
_aviii, 352 p. : _bill. ; |
||
| 490 | 1 | _aBIOS instant notes | |
| 500 | _aRev. ed. of: Microbiology / S. Baker ... [et al.]. 3rd ed. 2007. | ||
| 520 | _a"BIOS Instant Notes in Microbiology, fourth edition, is a concise microbiology textbook for undergraduates. All of the important areas of microbiology are covered in a format that is ideal for learning and rapid revision. Each topic begins with a summary of the essential facts-an ideal revision checklist-followed by a description of the subject that focuses on the core information, with clear simple diagrams that are easy for students to understand and recall in essays and examinations"--Provided by publisher. | ||
| 650 | 0 | _aMicrobiology | |
| 650 | 1 | 2 | _aMicrobiology |
| 650 | 2 | 2 | _aMicrobiological Processes |
| 700 | 1 | _aNicklin, J. | |
| 700 | 1 | _aGriffiths, Caroline. | |
| 942 | _cBK | ||
| 999 |
_c14011 _d14011 |
||